000 01455nam a2200277 i 4500
001 109401
003 ES-MaACL
005 20250918184240.0
007 t|
008 061121q1955 sp r ||||1| spa d
080 _a82-31-055.2
245 0 3 _aLa mujer a través de la literatura universal /
_ctextos de Gaspar Gil Polo, Miguel de Cervantes Saavedra, Agustín de Moreto ... [et. al.] ; prólogo-introducción del Excmo. Sr. D. José María Pemán y Pemartín.
260 _aBarcelona :
_bDux,
_c[ca. 1955]
300 _aXI, 795 p., 10 lám. ;
_c25 cm.
490 1 _aColección suprema
505 8 _aContiene: La Diana enamorada / Gaspar Gil Polo . Las dos doncellas / Miguel de Cervantes . No puede ser guardar una mujer / Agustín de Moreto . La señorita de Scuderi / Amadeo E. Hoffman . Petrilla / Honorato de Balzac . La mujer / Severo Catalina . Amor de salvación / Camilo Castello Branco . La promesa / Gustavo Adolfo Bécquer . La gaviota / Fernán Caballero . Ra-ra-hú / Pierre Loti.
599 _aIlustrado con 10 reproducciones en negro y color
650 4 _aMujeres-
_xEn la literatura.
_915271
700 1 _aGil Polo, Gaspar.
_956862
700 1 _aMoreto, Agustín,
_d1618-1669
_983478
700 1 _aPemán, José María,
_d1897-1981
_990130
700 1 _aCervantes Saavedra, Miguel de,
_d1547-1616
_9226514
830 1 _aColección suprema
_9232981
852 4 _aES-MaACL
_jC-12814
999 _c109401
_d109401